000 00465nmm a2200157Ia 4500
008 251105s9999||||xx |||||||||||||||||und||
020 _a9789560104809
041 _aspa
100 _aPulgar Castro, Rodrigo
245 0 _aLa ética en la era de la tecnociencia
264 _a[Santiago de Chile, Chile] :
_bRil editores,
_c2017
300 _a160 páginas
650 _aPhilosophy, Ethics
856 _uhttps://public.digitaliapublishing.com/a/65279
942 _cCF
999 _c93885
_d93885